000 01423nam a2200445 c 4500
001 17872
003 ES-MaCES
005 20160321143140.0
008 050809s2004 sp t 000 | spa d
017 _aM 35609-2004
_bDL
020 _a843762178X
024 7 _a207-04-048-0
_2nipo
035 _aCES20050008840m
040 _aES-MaCES
_bspa
_cES-MaCES
041 1 _aspa
_heng
245 0 0 _aMás allá del hombre económico
_b: economía y teoría feminista
_cMarianne A. Ferber, Julie A. Nelson (eds.)
250 _a1ª ed
260 _aMadrid
_bCátedra
_c2004
300 _a253 p.
_c21 cm
490 1 _aFeminismos
_v81
500 _aEn la port.: Universitat de València ; Instituto de la Mujer
504 _aBibliografía
541 _cGratuito
650 4 _aeconomía
_926781
650 4 _ainvestigación económica
_927075
650 4 _aanálisis económico
_927070
650 4 _afeminismo
_931029
650 4 _amujeres
_928657
650 4 _aciencias económicas
_927066
650 4 _aciencias sociales
_927256
653 1 0 _aCiencias Sociales-Políticas
700 1 _aFerber, Marianne A.
_eed. lit.
_911709
700 1 _aNelson, Julie A.
_eed. lit.
_919569
710 2 _aInstituto Andaluz de la Mujer
_94108
710 2 _95337
_aUniversidad de Valencia
830 0 _aFeminismos
_v81
_933280
902 _aLIB Libro
942 _2CES
_cBK
_h7.0.
999 _c17872
_d17872